| 000 | 00424nam a2200181Ia 4500 | ||
|---|---|---|---|
| 001 | 13948 | ||
| 005 | 20260306164838.0 | ||
| 008 | 260306t1998||||xx |||||||||||||| ||spa|| | ||
| 041 | _aESP | ||
| 082 |
_a00S _b5.74 D28 |
||
| 100 |
_aDate, C. J. _eAUT |
||
| 245 | 0 | _aIntroducción a los sistemas de bases de datos | |
| 260 | _c1998 | ||
| 300 |
_a _c23 cm. |
||
| 650 | _aGEN | ||
| 654 | _aCCC | ||
| 942 |
_cLIB _dJUS _fJUS _2ddc _n |
||
| 999 |
_c13948 _d13948 |
||